Normal view
MARC view
Entry Topical Term
001 - CONTROL NUMBER
- control field: 10093
003 - CONTROL NUMBER IDENTIFIER
- control field: HDC
005 - DATE AND TIME OF LATEST TRANSACTION
- control field: 20230624073325.0
008 - FIXED-LENGTH DATA ELEMENTS
- fixed length control field: 210203|| aca||aabn | a|a d
040 ## - CATALOGING SOURCE
- Original cataloging agency: HDC
- Transcribing agency: HDC
150 ## - HEADING--TOPICAL TERM
- Topical term or geographic name entry element: cosmetics market
- Geographic subdivision: Saudi Arabia
670 ## - SOURCE DATA FOUND
- Source citation: Work cat.: (HDC): PR-Inside.com 10092, Saudi Arabia cosmetics market: Increased demand for Halal certified products, [no year]
